| 000 | 00690nam a2200217 a 4500 | ||
|---|---|---|---|
| 005 | 20231101063709.0 | ||
| 008 | 170502s2014 mx r 000 0 spa d | ||
| 035 | _aUPN01000217452 | ||
| 049 | _aCG | ||
| 050 | 4 |
_aPQ7235 _bP6.3 |
|
| 245 | 0 | 0 |
_aPoesía y prosa de hoy : _ben sus mejores obras / _cLuis Miguel Aguilar ... [et al.]. |
| 260 |
_aMéxico : _bISSSTE, _c2014. |
||
| 300 | _a138 p. | ||
| 440 | 0 | _aBiblioteca ISSSTE | |
| 650 | 0 |
_aLiteratura mexicana (Selecciones, extractos, etc.) _920984 |
|
| 650 | 4 |
_aPoesía mexicana _91273 |
|
| 650 | 4 |
_aLiteratura mexicana _ySiglo XX _95344 |
|
| 700 | 1 |
_aAguilar, Luis Miguel, _d1956- _ecoaut. _930113 |
|
| 905 | _aLibro | ||
| 999 |
_c189552 _d189552 |
||